Después de la arquitectura moderna
| Main Author: | |
|---|---|
| Format: | Section = Libro |
| Language: | Undetermined Spanish |
| Published: |
Barcelona
Gustavo Gili
1984
|
| Edition: | 2a.ed. |
| Subjects: |
| LEADER | 00497nam a2200193Ia 4500 | ||
|---|---|---|---|
| 008 | 240829s9999 xx 000 0 und d | ||
| 020 | |a 84-252-1079-8 | ||
| 040 | |a BIBLIOTECA-RUSB/ 724.9 P853 | ||
| 041 | |a spa | ||
| 082 | |a 724.9 P853 | ||
| 100 | 1 | |a Portoghesi, Paolo | |
| 245 | 1 | 0 | |a Después de la arquitectura moderna |
| 250 | |a 2a.ed. | ||
| 260 | |a Barcelona |b Gustavo Gili |c 1984 | ||
| 300 | |a 311 p. :il. | ||
| 650 | 7 | |a ARQUITECTURA MODERNA-SIGLO XX | |
| 942 | |c BK |2 ddc | ||
| 991 | |a TEXTO | ||
| 999 | |c 5222 | ||